| 000 | 00544nam a2200181 a 4500 | ||
|---|---|---|---|
| 003 | BD-DhJNU | ||
| 005 | 20251014073949.0 | ||
| 008 | 241227s9999 xx 000 0 und d | ||
| 040 |
_aBD-DhJNU _bENG _cBD-DhJNU _dBD-DhJNU |
||
| 020 | _a9780143456841 | ||
| 082 |
_a158.12 AUM _223 |
||
| 100 | _aAurelius, Marcus | ||
| 245 | 1 | 0 |
_aMeditations : _bancient wisdom to master your mind and win at life / _cMarcus Aurelius |
| 260 |
_aEngland : _bPenguin Books, _c2016 |
||
| 300 |
_av, 180 : _bill. ; _c20 cm. |
||
| 650 | _aApplied psychology | ||
| 942 | _cBK | ||
| 999 |
_c2262 _d2262 |
||